000 00705nam a2200241Ia 4500
003 OSt
005 20221005120314.0
006 a|||||r|||| 00| 0
007 ta
008 221004b |||||||| |||| 00| 0 eng d
024 _a66603
037 _cTextual
040 _aCRL
_cCRL
_beng
041 _2eng
_aeng
082 _aV52:8-19:M6<-M70, 121K0.1
110 _aItaly, Affairs Esteri (Ministere Degli-)
_9628967
245 0 _aDocumenti diplomatici Italiani
_b Seconda series, 1870-1896.
260 _c1960
650 _aHISTORY
700 _aItaly, Affairs Esteri (Ministere Degli-)
_9628968
942 _hV52:8-19:M6<-M70, 121K0.1
_cTEXL
_2cc
999 _c1037603
_d1037603